|
|
|
|
| LEADER |
00000nam0a2200000 4500 |
| 001 |
158681 |
| 005 |
20231031154520.0 |
| 035 |
|
|
|a (RuTPU)RU\TPU\book\172098
|
| 090 |
|
|
|a 158681
|
| 100 |
|
|
|a 20090427d1963 km y0rusy50 ca
|
| 101 |
0 |
|
|a rus
|
| 102 |
|
|
|a RU
|
| 105 |
|
|
|a a o 001zy
|
| 200 |
1 |
|
|a Таблицы равновесного удельного влагосодержания и энергии связи влаги с материалами
|f Л. М. Никитина
|g под ред. А. В. Лыкова
|
| 210 |
|
|
|a Москва
|a Ленинград
|c Госэнергоиздат
|d 1963
|
| 215 |
|
|
|a 176 с.
|c табл.
|
| 320 |
|
|
|a Библиогр.: с. 173-174.
|
| 610 |
1 |
|
|a массоперенос
|
| 610 |
1 |
|
|a теплоперенос
|
| 610 |
1 |
|
|a удельная теплота
|
| 610 |
1 |
|
|a влага
|
| 610 |
1 |
|
|a энергия
|
| 610 |
1 |
|
|a влагосодержание
|
| 610 |
1 |
|
|a таблицы
|
| 610 |
1 |
|
|a справочные издания
|
| 675 |
|
|
|a 621.1.036.7(035)(083)
|v 3
|
| 700 |
|
1 |
|a Никитина
|b Л. М.
|g Лидия Михайловна
|
| 702 |
|
1 |
|a Лыков
|b А. В.
|4 340
|
| 801 |
|
1 |
|a RU
|b 63413507
|c 20090427
|g PSBO
|
| 801 |
|
2 |
|a RU
|b 63413507
|c 20210622
|g RCR
|
| 942 |
|
|
|c BK
|